Datum a čas kvízu

19.5 Celkem bodů Celkový počet nahraných bodů na tomto kvízu bez doplňovacích otázek.
8. Pořadí na kvízu Konečné umístění týmu na tomto kvízu.

Zaznamenané odpovědi

# Otázka Odpověď Body Výsledky
1. Premiér Petr Fiala má nově pro... TikTok 1
2. Minulý týden se konal mítink D... Barack Obama, Eminem 0.5
3. Český film režiséra Petra Slav... Tancuj Matyldo 1
4. Minulý týden jsme se dozvěděli... C) Alan Turing 1
5. Český hokejový brankář Vítek V... Vanacek 0
6. Vzhledem ke končící bohaté hou... prsten; třeň 0
7. Uveďte rodové jméno tohoto ptá... čížek 0
8. Při nocování v lese jste už mo... liška 0
9. V průběhu léta zástupci jeleno... lýčí 0
10. Na jaře se řada lidí vydává do... konvalinka; ocún 0.5